Monuments les pays - Statistiques

Statistiques générales
  • Ce quiz a été pris 214 fois
  • Le résultat moyen est 13 sur 14
Statistiques - réponses
Par images Réponse % Correct
France
100%
France
100%
France
100%
Italie
100%
Australie
99%
Égypte
99%
États-Unis
99%
États-Unis
99%
Inde
99%
Pérou
88%
Japon
86%
Jordanie
77%
Espagne
57%
Cambodge
45%
Aucun quiz correspondant
Distribution des résultats
% des personnes avec chaque résultat
Percentile par nombre de réponses
Votre historique - résultats
Vous n’avez pas pris ce quiz